只為一次無憾的春天

資料類型: Book 圖書   書目號:35489

Leader xxxxxxxxxx
001 __ PCLIS00035489
005 __ 20220211141025.0
010 0_ |a986-133-095-X|b平裝附光碟片|dNT$270
100 __ |a20051007d2005    m  y0chiy09      e
101 0_ |achi
102 __ |atw
105 __ |aa   z   000cy
200 1_ |a只為一次無憾的春天|f蔣勳著
205 __ |a初版
210 __ |a臺北市|c圓神出版|c叩應總經銷|d2005[民94]
215 0_ |a238面|c彩圖|d21公分|e光碟一片
225 2_ |a圓神文叢|v24
320 __ |a附錄: 雪 : 紀念母親
681 __ |a855|b848
681 __ |a855|b4424 88
700 _1 |a|b|4801 _0 |atw|b內湖高中|c20051007|gCCR
詳細館藏(共 1 筆)
索 書 號登 錄 號冊次號館別 / 館藏地流通類型狀態加入預約清單電子資源
855 / 848 1015073  圖書館 / 一樓普通區 可外借30天 在館   

| 條列資料




目錄查詢 分類查詢 個人資料 圖書薦購 新書查詢 閉館日 排行榜 更多電子資源 Hami書城 線上資料庫 登出

From : 216.73.216.116

  本日流通累計至 18:30:45 借閱 : 9 次 續借 : 0 次 歸還 : 10 次 預約 : 0 次 電子資源 : 0 次


內湖高中圖書館  PCLIS 版本  25.5.0.2